El pensamiento de Daisaku Ikeda en una reflexión occidental (Registro nro. 32302)

Detalles MARC
000 -LEADER
fixed length control field 00390 a2200109 4500
001 - CONTROL NUMBER
control field ART_39674
005 - DATE AND TIME OF LATEST TRANSACTION
control field 20260410162012.0
008 - FIXED-LENGTH DATA ELEMENTS--GENERAL INFORMATION
fixed length control field 260409a
100 1# - MAIN ENTRY--PERSONAL NAME
Personal name Gómez Farías, Alberto
245 10 - TITLE STATEMENT
Title El pensamiento de Daisaku Ikeda en una reflexión occidental
773 0# - HOST ITEM ENTRY
Title Propuestas para la sociedad, el gobierno y la producción
Related parts - Año 9, Nº 13 (mayo 2006)
Record control number REV39547

No hay ítems disponibles.